|
|
|
|
| LEADER |
00000nam a22000007a 4500 |
| 005 |
2022091503103.0 |
| 007 |
cr|||| |||| |
| 008 |
220915s2012 us |||||s|||| 00||0 eng d |
| 020 |
|
|
|a 978-158576-157-9
|
| 035 |
|
|
|a 36360
|
| 040 |
|
|
|a vLex
|
| 090 |
|
|
|c 13910
|d 13910
|
| 100 |
1 |
|
|a Anderson, Winston
|
| 245 |
1 |
0 |
|a Principles of Caribbean environmental law
|h [Recurso electrn̤ico] /
|c Winston Anderson
|
| 256 |
|
|
|a Servicio en ln̕ea
|
| 260 |
|
|
|a Washington DC:
|b Environmental Law Institute,
|c 2012
|
| 300 |
|
|
|a 1 recurso electrn̤ico
|
| 500 |
|
|
|a The Caribbean faces environmental problems suffered throughout the world, but also a unique set of challenges. The petroleum and bauxite industries and tourist trade have traditionally gone largely unregulated in the region, threatening pristine coasts and scarce natural resources. Now, as the region seeks to improve management and regulation, a clear guide to Caribbean environmental law is desperately needed. Principles of Caribbean Environmental Law provides that resource. The book explores international environmental law as it relates to the Caribbean, administrative law, and the common law of property and torts. It addresses issues from town planning to pollution regulation to waste management. And it examines marine and coastal governance: particularly critical to an economy built on beach tourism. This volume will be an indispensable resource for anyone concerned with the future of the Caribbean's natural landscape.
|
| 506 |
1 |
|
|a Disponible solo en los productos indicados
|d vLex Global
|d vLex Global (Academic Edition, excluding Law Schools)
|d vLex Global (Academic Edition, Law Schools)
|
| 650 |
0 |
4 |
|a Derecho del Medio Ambiente
|z Estados Unidos
|
| 740 |
0 |
|
|a vLex Libros (Servicio en ln̕ea)
|
| 856 |
4 |
0 |
|u https://app.vlex.com/#/sources/36360
|z Acceso restringido
|
| 942 |
|
|
|c BOOK
|
| 999 |
0 |
|
|a Environmental Law
|